Normal view
MARC view
- Statistics for Engineering and Information Science
Entry Topical Term
001 - CONTROL NUMBER
- control field: 123927
003 - CONTROL NUMBER IDENTIFIER
- control field: NUST
005 - DATE AND TIME OF LATEST TRANSACTION
- control field: 20240701142212.0
008 - FIXED-LENGTH DATA ELEMENTS
- fixed length control field: 240701|| aca||aabn | a|a d
040 ## - CATALOGING SOURCE
- Original cataloging agency: NUST
- Transcribing agency: NUST
150 ## - HEADING--TOPICAL TERM
- Topical term or geographic name entry element: Statistics for Engineering and Information Science
670 ## - SOURCE DATA FOUND
- Source citation: Work cat.: (NUST): Doucet , Arnaud 123925, Statistics for Engineering and Information Science:, 2001
